000 01125nam a2200301 i 4500
001 134893
003 ES-MaACL
005 20230906194750.0
007 t|
008 070703s1974 sp ||||1| spa d
080 _a7(467.5)
080 _a908(467.5)
245 0 0 _aBaleares.
250 _a[1ª ed.].
260 _a[Barcelona :
_bNoguer,
_c1974]
300 _a370 p. con 18 lám. neg. y col. ;
_c30 cm.
490 1 _aTierras de España
505 8 _aContiene: p. 11.--Introducción Geográfica / V.M. Rosselló Verger. p. 61.--Introducción Histórica / Alvaro Santamaría. p. 105.--Introducción Literaria / Francesc de B. Moll. p. 141.--Arte / Santiago Sebastián.
650 1 4 _aArte-
_zBaleares (Comunidad Autónoma)
_910080
651 4 _aBaleares (Comunidad Autónoma)-
_xDescripción.
_97857
700 1 _aRosselló i Verger, Vicenç M.
_999846
700 1 _aSantamaría, Alvaro.
_9103277
700 1 _aMoll, Francesc de B. (
_d1903-1991)
_982033
700 1 _aSebastián López, Santiago.
_9105017
830 0 _aTierras de España
_9177948
852 _aES-MaACL
_jE-6442
_bR.91127
999 _c134893
_d134893